Normal view MARC view
  • Fuentes Amaya, Silvia

Entry Nombre Personal

Number of records used in: 9

001 - NUMERO DE CONTROL

  • campo de control: 40118

003 - IDENTIFICADOR DE NUMERO DE CONTROL

  • campo de control: UPN

005 - FECHA Y HORA DE LA ÜLTIMA TRANSACCIÓN

  • campo de control: 20240307101358.0

008 - DATOS DE LONGITUD FIJA

  • campo de control de longitud fija: 240307n||acannaabn | aaa |d

035 ## - NUMERO DE CONTROL

  • Número de control: UPN11000012225

040 ## - FUENTE DE CATALOGACIÓN

  • Lenguaje de catalogación: spa
  • Agencia de transcripción: MX-MxUPN
  • Agencia original de catalogación: MX-MxUPN

100 1# - ENCABEZAMIENTO - NOMBRE PERSONAL

  • Nombre personal: Fuentes Amaya, Silvia

371 ## - DIRECCIÓN

  • Electronic mail address: sfuentes@upn.mx

373 ## - GRUPO ASOCIADO

  • Associated group: Universidad Pedagógica Nacional (México)
  • Associated group: Departamento de Investigaciones Educativas DIE-Cinvestav.

374 ## - OCUPACIÓN

  • Occupation: Socióloga
  • Occupation: Investigadora
  • Occupation: Profesora universitaria

400 1# - VEÁSE - NOMBRE DE PERSONA

  • Personal name: Fuentes, Silvia

670 ## - FUENTE EN LA QUE SE LOCALIZARON DATOS

  • Cita de la fuente: LC, 07 marzo 2024:
  • Información localizada: (Fuentes Amaya, Silvia)
  • Uniform Resource Identifier: https://lccn.loc.gov/n2008060384

670 ## - FUENTE EN LA QUE SE LOCALIZARON DATOS

  • Cita de la fuente: Instituciones educativas: sujetos, historia e identidades, 2004:
  • Información localizada: solapa trasera(Silvia Fuentes Investigadora titular UPN-Ajusco línea de investigación: identidades profesionales y políticas públicas)

670 ## - FUENTE EN LA QUE SE LOCALIZARON DATOS

  • Cita de la fuente: En linea, UPNvirtual, 07 marzo 2024:
  • Información localizada: (Licenciada en Sociología por la Facultad de Estudios Superiores - FES Aragón/UNAM. Es profesora del Área Académica 1.Doctora y Maestra en Ciencias con Especialidad en Investigación por el Departamento de Investigaciones Educativas DIE-Cinvestav (Centro de Investigación y Estudios Avanzados)).

680 ## - NOTA PUBLICA DE ACCESO PÚBLICO

  • Frase explicativa de la referencia: Doctora en Ciencias con especialidad en Investigación Educativa

902 ## - CATALOGADOR

  • Catalogador: MMA/040517
  • Catalogador: MaríaRobles/070324